Sports Quiz

Random Sports or NBA Quiz

Best Players of the ABA Quiz Stats

 Plays Quiz not verified by Sporcle

Also try: NHL Teams on a Map
Challenge
Share
Tweet
Embed
Score 0/30 Timer 05:00
0 Plays Today
Name % Correct
Julius Erving
95.5%
Rick Barry
84.7%
Dan Issel
84.7%
Artis Gilmore
84.3%
George Gervin
82.6%
David Thompson
76.4%
Roger Brown
74.8%
Connie Hawkins
70.7%
Moses Malone
69.8%
Louie Dampier
69.4%
Jimmy Jones
69.4%
George McGinnis
69.4%
Marvin Barnes
67.4%
Mel Daniels
67.4%
Billy Cunningham
64.5%
Name % Correct
Zelmo Beaty
55.8%
Spencer Haywood
53.3%
Billy Paultz
52.5%
Mack Calvin
47.1%
Freddie Lewis
45.9%
Maurice Lucas
44.2%
Willie Wise
41.3%
Ron Boone
39.3%
Bob Netolicky
38.8%
Warren Armstrong/Jabali
35.5%
James Silas
34.3%
Charlie Scott
33.5%
Doug Moe
33.1%
Donnie Freeman
30.6%
Darrel Carrier
30.2%

You're not logged in!

Compare scores with friends on all Sporcle quizzes.
Join for Free
OR
Log In

You Might Also Like...

Show Comments

Extras

Top Quizzes Today


Score Distribution

Your Account Isn't Verified!

In order to create a playlist on Sporcle, you need to verify the email address you used during registration. Go to your Sporcle Settings to finish the process.

Report this User

Report this user for behavior that violates our Community Guidelines.

Details: